[Event "AUT Bundesliga 2021-22"]
[Site "Graz"]
[Date "2022.03.26"]
[Round "8.18"]
[White "Deuer, Marius"]
[Black "Naumann, Alexander"]
[Result "1/2-1/2"]
[WhiteElo "2304"]
[BlackElo "2514"]
[Annotator "TA"]
[PlyCount "64"]
[EventDate "2021.01.17"]
[EventType "team-tourn"]
[EventCountry "AUT"]
[SourceTitle "playchess.com"]
[Source "ChessBase"]
[SourceQuality "1"]

{[%evp 18,64,25,15,25,16,14,16,18,28,29,23,24,8,9,0,51,35,38,33,39,38,27,17,25,31,21,0,47,36,64,50,89,89,98,69,68,0,59,0,196,201,190,195,255,89,90,88,94]} 1. d4 Nf6 2. c4 g6 3. g3 c6 4. Bg2 d5 5. Nf3 Bg7 6. O-O O-O 7. Qb3 dxc4 8. Qxc4 Bf5 9. Nc3 Nbd7 10. e3 Rc8 {D78: Fianchetto Grünfeld: 6 0-0 c6.} 11. Qe2 Bg4 {[%cal Oe7e5]} 12. Rd1 {[#]} Qa5 $146 {The position is equal.} ({Predecessor:} 12... Nd5 13. h3 Bxf3 14. Bxf3 Nxc3 15. bxc3 Qc7 16. a4 e5 17. Rb1 Rfe8 18. Qa2 b6 {1-0 (38) Friedel,J (2500)-Chandra,A (2370) Philadelphia 2014}) 13. h3 Bxf3 14. Bxf3 e5 15. dxe5 Nxe5 16. Bg2 {[%cal Bf3g2,Bg2e4,Be4d5][%mdl 32]} b5 (16... Rcd8 $11) 17. Bd2 $14 {[%cal Oc3d5]} Qb6 18. Be1 b4 19. Ne4 Nxe4 20. Bxe4 c5 21. f4 Nc6 22. Bd5 Rfe8 (22... Ne7 $11) 23. Bf2 $1 Re7 24. Rd2 Kh8 25. Rc1 f5 26. e4 fxe4 $1 {[%cal Oe4e3] aiming for ...e3!} 27. Qg4 ({Avoid the trap} 27. Bxc5 $2 Nd4 28. Qc4 Nf3+ 29. Kh1 Nxd2 $19) (27. Rxc5 $14 e3 28. Bxe3) 27... Ree8 {[#]} ({Black should try} 27... Rcc7 $11 28. Bxc5 Bd4+ 29. Rxd4 (29. Bxd4+ $2 Nxd4 30. Rcd1 h5 $19) 29... Nxd4 30. Bxb6 Rxc1+ 31. Kg2 axb6) 28. Bxc5 ({White should play} 28. Bxe4 $1 $14 Ne7 (28... b3 29. Bxc6) 29. Qd1) 28... Qb8 $2 {[#]} (28... Ne5 $11 29. Bxb6 Rxc1+ 30. Rd1 Nxg4 31. Rxc1 axb6 32. hxg4 Bxb2) 29. Be3 $1 $18 {This bishop pair is nice.} Ne7 30. Rxc8 Nxc8 (30... Rxc8 $142 31. Bxe4 Ng8) 31. Qd7 $2 (31. Bc6 $18 {is more deadly.} Rg8 32. Qe6 (32. Bxe4 Nd6 $18)) 31... Nb6 $16 32. Qf7 {Strongly threatening Bb3. White is more active.} Rf8 {Weighted Error Value: White=0.20 (precise) /Black=0.26 (precise)} 1/2-1/2

[Event "AUT Bundesliga 2021-22"]
[Site "Graz"]
[Date "2022.03.26"]
[Round "8.19"]
[White "Abasov, Nijat"]
[Black "Kunin, Vitaly"]
[Result "1-0"]
[WhiteElo "2630"]
[BlackElo "2547"]
[Annotator "TA"]
[PlyCount "97"]
[EventDate "2021.01.17"]
[EventType "team-tourn"]
[EventCountry "AUT"]
[SourceTitle "playchess.com"]
[Source "ChessBase"]
[SourceQuality "1"]

{[%evp 16,97,14,0,8,0,0,0,0,7,11,0,0,0,18,16,31,0,9,0,37,26,47,52,66,64,68,70,98,102,130,97,98,107,102,104,101,88,99,77,72,77,55,35,176,183,165,175,184,202,443,395,504,497,539,144,137,131,120,120,147,87,788,768,712,562,4627,4618,12797,6099,29975,29975,12789,8545,29979,29980,29986,29987,29988,29989,29989,29990,29990,29991]} 1. e4 e5 2. Nf3 Nf6 3. d4 Nxe4 4. Bd3 d5 5. Nxe5 Nd7 6. Nc3 Nxc3 7. bxc3 Bd6 {is now more promising than 7...Nxe5.} 8. O-O O-O 9. Re1 c5 {C43: Petroff Defence: 3 d4.} 10. Qf3 c4 11. Bf5 Nxe5 {The position is equal.} 12. dxe5 {And now Bxc8 would win.} Bxf5 13. Qxf5 {[#]} Bc5 $146 ({Predecessor:} 13... Re8 14. Bg5 Be7 15. Be3 g6 16. Qh3 Bf8 17. f4 Rc8 18. Bd4 Bc5 19. Rad1 Bxd4+ 20. Rxd4 {½-½ (34) Prraneeth,V (2400)-Vardan,N (2378) Novi Sad 2022}) 14. Be3 Qc8 15. Qf4 Bxe3 16. Rxe3 Qe6 17. a4 Rfd8 18. h3 Qb6 19. Qd4 (19. Rf3 Qe6 $11) 19... h6 20. f4 Rac8 21. f5 Qxd4 22. cxd4 $14 {[%mdl 4096] Endgame KRR-KRR} c3 23. Rb1 b6 24. Rb4 $1 Kf8 25. Kf2 Rc4 26. Rxc4 dxc4 27. Rxc3 Rxd4 $16 {KR-KR} 28. Ke3 {To avoid Rf4} Rh4 29. Ra3 (29. a5 $5 {[%cal Ra5b6]}) 29... Ke7 (29... a5 $14) 30. a5 $1 $18 b5 31. a6 $1 {Strongly threatening Ra5.} b4 32. Ra5 {Threatens to win with Rb5.} b3 $2 (32... Rh5 {was called for.} 33. Ke4 b3) 33. Rb5 $1 Re4+ (33... bxc2 $2 34. Rb7+ Ke8 35. Kd2 $18) 34. Kd2 $1 (34. Kxe4 $2 {loses.} bxc2 35. Rb7+ Ke8 36. Rxa7 (36. Rb8+ $2 Kd7 $19) 36... c1=Q $19) 34... Kd7 35. Rb7+ $2 (35. cxb3 $18 {and the rest is easy. Rb7+ is the strong threat.} cxb3 36. Rb7+ Kc6 37. Rxa7 (37. Kc3 Rxe5 38. Rxa7 Rxf5 $14)) 35... Kc6 $16 36. cxb3 Rxe5 (36... cxb3 $2 37. Rxa7 (37. Kc3 Rxe5 38. Rxf7 Re3+ 39. Kb2 Rg3 $14) 37... f6 38. exf6 gxf6 39. Rf7 $18) 37. Rxf7 cxb3 38. Rxa7 (38. g4 $142 $1) 38... Rxf5 $2 {[%mdl 8192]} (38... Kb6 $16 39. Rxg7 Kxa6) 39. Rxg7 $18 Rf2+ {[#]} 40. Kc1 $1 Kb6 41. a7 Ra2 42. g4 {Threatening mate with Kb1.} Kc5 {[#]} 43. h4 $1 {[%cal Bh3h4,Bh4g5,Bg5g6][%mdl 32]} Kd4 44. g5 hxg5 45. hxg5 {White mates.} Kc3 46. Rc7+ Kb4 47. g6 Ra1+ 48. Kb2 Ra2+ 49. Kb1 {Weighted Error Value: White=0.16 (very precise) /Black=0.47} 1-0

[Event "AUT Bundesliga 2021-22"]
[Site "Graz"]
[Date "2022.03.26"]
[Round "8.20"]
[White "Neugebauer, Martin"]
[Black "Brunello, Sabino"]
[Result "1-0"]
[WhiteElo "2502"]
[BlackElo "2500"]
[Annotator "TA"]
[PlyCount "107"]
[EventDate "2021.01.17"]
[EventType "team-tourn"]
[EventCountry "AUT"]
[SourceTitle "playchess.com"]
[Source "ChessBase"]
[SourceQuality "1"]

{[%evp 16,107,4,0,7,0,-10,0,0,0,8,8,0,0,30,4,8,0,0,-14,-14,-22,-7,-18,-24,-19,0,0,0,0,0,-7,0,0,0,0,0,0,0,0,0,0,0,0,0,0,70,65,54,53,52,54,90,77,76,75,96,97,97,70,74,80,96,86,152,150,161,143,168,168,164,156,360,360,345,306,297,287,258,237,450,459,516,427,5197,5281,5197,5137,5097,4818,4818,4718,4718,4631]} 1. e4 e5 2. Nf3 Nc6 3. d4 exd4 4. Nxd4 Nf6 5. Nxc6 bxc6 6. Bd3 d5 7. exd5 cxd5 8. O-O Be7 9. c4 d4 {C45: Scotch Game.} 10. Nd2 O-O 11. Ne4 {[#]} a5 $146 {The position is equal.} ({Predecessor:} 11... Bb7 12. Nxf6+ Bxf6 13. Bf4 Re8 14. Qh5 Be4 15. Rad1 Qd7 16. b3 h6 17. h3 c6 {0-1 (43) Shankland,S (2709)-Le,Q (2709) Saint Louis 2021}) 12. Qf3 {[#] And now Nxf6+ would win.} Be6 13. Nxf6+ Bxf6 14. b3 Qd7 15. Bd2 Bg4 16. Qe4 {[%csl Gd3][%cal Re4h7]} g6 17. h3 Bf5 18. Qf3 Bxd3 19. Qxd3 c5 20. Rfe1 $1 a4 21. b4 cxb4 $1 22. Bxb4 Rfc8 23. a3 h5 24. Re4 Rc6 25. Rae1 Rac8 26. Rf4 Kg7 27. c5 Qd5 28. Rfe4 Rd8 29. Kf1 Rd7 30. R4e2 {[%cal Be4e2,Be2b2,Bb2b3][%mdl 32]} Qb3 (30... Rd8 $11) 31. Qxb3 $1 $14 axb3 32. Rb2 Be7 33. Rc1 Rdc7 {[%cal Re7c5]} 34. Rxb3 Bxc5 {[#]} 35. Ke2 $1 Ba7 36. Rxc6 {White is more active.} Rxc6 $16 {[%mdl 4096] Endgame KRB-KRB} 37. Kd2 {To avoid Rc2+} Kf6 38. Rb1 Kf5 39. Kd3 g5 (39... Ke6 $142) 40. Bd2 f6 41. Rb5+ Ke6 42. a4 {[%cal Ba3a4,Ba4a5,Ba5a6,Ba6a7][%mdl 32]} Bc5 43. a5 Kd6 $2 {Black cannot hold the game after this.} (43... h4 $16 44. Bb4 Ba7) 44. Bb4 $18 Bxb4 45. Rxb4 {Black must now prevent Rb6. KR-KR} Rc3+ 46. Kxd4 Ra3 47. Rb6+ Ke7 $2 (47... Kc7 48. Rxf6 Rxa5) 48. a6 {White is clearly winning.} Ra5 49. Kc4 Kf7 (49... Kd7 $142 50. Rxf6 Kc7) 50. Kb4 Ra2 51. Kb5 Kg6 52. Kc6 Rxf2 53. a7 Ra2 54. Kb7 {Weighted Error Value: White=0.05 (flawless) /Black=0.23 (precise)} 1-0

[Event "AUT Bundesliga 2021-22"]
[Site "Graz"]
[Date "2022.03.26"]
[Round "8.21"]
[White "Schreiner, Peter"]
[Black "Mira, Helene"]
[Result "1-0"]
[WhiteElo "2435"]
[BlackElo "2090"]
[Annotator "ChessBase"]
[PlyCount "65"]
[EventDate "2021.01.17"]
[EventType "team-tourn"]
[EventCountry "AUT"]
[SourceTitle "playchess.com"]
[Source "ChessBase"]
[SourceQuality "1"]
[TimeControl "40/5400+30:1800+30"]

1. d4 {[%emt 0:00:06]} d5 {[%emt 0:00:15]} 2. c4 {[%emt 0:00:14]} e6 {[%emt 0:00:20]} 3. Nf3 {[%emt 0:00:43]} Nf6 {[%emt 0:00:46]} 4. g3 {[%emt 0:00:15]} c5 {[%emt 0:01:21]} 5. cxd5 {[%emt 0:01:35]} exd5 {[%emt 0:00:11]} 6. Bg2 {[%emt 0:00:15]} Nc6 {[%emt 0:00:54]} 7. O-O {[%emt 0:00:41]} Ne4 {[%emt 0:05:50]} 8. Nc3 {[%emt 0:12:48]} c4 {[%emt 0:13:32]} 9. Bf4 {[%emt 0:25:19]} a6 {[%emt 0:10:52]} 10. Nxe4 {[%emt 0:10:39]} dxe4 {[%emt 0:00:16]} 11. Ne5 {[%emt 0:01:25]} Nxe5 {[%emt 0:04:51]} 12. dxe5 {[%emt 0:03:36]} Bf5 {[%emt 0:03:12]} 13. Qc2 {[%emt 0:03:38]} Qd5 {[%emt 0:00:11]} 14. Rfd1 {[%emt 0:01:26]} Qc6 {[%emt 0:00:11]} 15. Rd4 {[%emt 0:01:22]} b5 {[%emt 0:00:12]} 16. Bxe4 {[%emt 0:03:42]} Bxe4 {[%emt 0:00:08]} 17. Rxe4 {[%emt 0:00:07]} Bc5 {[%emt 0:03:10]} 18. Be3 {[%emt 0:02:24]} Bxe3 {[%emt 0:00:23]} 19. Rxe3 {[%emt 0:00:07]} O-O {[%emt 0:00:08]} 20. b3 {[%emt 0:02:18]} Rac8 {[%emt 0:00:19]} 21. bxc4 {[%emt 0:01:32]} Qxc4 {[%emt 0:00:20]} 22. Qf5 {[%emt 0:04:57]} Rc6 {[%emt 0:01:06]} 23. a3 {[%emt 0:03:50]} Rfc8 {[%emt 0:06:25]} 24. Rd1 {[%emt 0:03:15]} g6 {[%emt 0:00:09]} 25. Qg5 {[%emt 0:03:45]} Qe6 {[%emt 0:01:41]} 26. Red3 {[%emt 0:06:02]} Kg7 {[%emt 0:05:56]} 27. Rd6 {[%emt 0:01:02]} Rxd6 {[%emt 0:01:24]} 28. Rxd6 {[%emt 0:00:40]} Qc4 {[%emt 0:01:47]} 29. Qf6+ {[%emt 0:01:45]} Kh6 {[%emt 0:04:39]} 30. e6 {[%emt 0:02:04]} fxe6 {[%emt 0:03:46]} 31. Rd4 {[%emt 0:00:59]} Qc1+ {[%emt 0:01:16]} 32. Kg2 {[%emt 0:00:06]} Rc4 {[%emt 0:04:45]} 33. Qh4+ 1-0

[Event "AUT Bundesliga 2021-22"]
[Site "Graz"]
[Date "2022.03.26"]
[Round "8.22"]
[White "Kozissnik, Christian"]
[Black "Diermair, Andreas"]
[Result "0-1"]
[WhiteElo "2018"]
[BlackElo "2469"]
[Annotator "TA"]
[PlyCount "100"]
[EventDate "2021.01.17"]
[EventType "team-tourn"]
[EventCountry "AUT"]
[SourceTitle "playchess.com"]
[Source "ChessBase"]
[SourceQuality "1"]

{[%evp 9,100,-8,-7,-28,-17,-44,-27,-52,-43,-58,-52,-107,-51,-48,-47,-44,-54,-41,-10,-18,-10,-14,-8,-45,-43,-178,-177,-177,-167,-318,-295,-314,-329,-322,-327,-327,-322,-314,-313,-352,-261,-274,-264,-264,-263,-265,-265,-266,-245,-251,-246,-249,-248,-393,-390,-910,-893,-872,-864,-764,-740,-740,-739,-739,-732,-29977,-1163,-29958,-29959,-12815,-12821,-1899,-1342,-1490,-1538,-29978,-29979,-29977,-1882,-12460,-6243,-29975,-1616,-3074,-1366,-6263,-6188,-4782,-2781,-29979,-29980,-29976,-1652]} 1. c4 e5 2. Nc3 Bb4 3. Qc2 Nf6 4. a3 Bxc3 5. Qxc3 Nc6 6. d3 {A21: English Opening: 1...e5 2 Nc3.} d5 7. Bg5 d4 {[#]} 8. Qd2 $146 {Black has an edge.} ({Predecessor:} 8. Qc2 a5 9. Nf3 O-O 10. g3 Qd6 11. Bg2 a4 12. O-O Nd7 13. b3 axb3 14. Qxb3 {0-1 (42) Csoma,R (1309)-Mostowik,P (2184) LSS email 2019}) 8... h6 9. Bh4 a5 (9... O-O {with more complications.} 10. h3 g5 11. Bg3 e4 12. O-O-O Re8) 10. b3 ({White should play} 10. e3 $15) 10... Qe7 {Black is more active.} (10... g5 $17 11. Bg3 Nd7) 11. Bxf6 $15 Qxf6 12. g3 $1 O-O $36 {[%mdl 2048] White is under pressure.} 13. Bg2 Re8 14. Nf3 Bf5 {[%cal Bc8f5,Bf5e4,Be4d3,Bd3e2][%mdl 32] Strongly threatening ...e4.} 15. O-O e4 16. dxe4 (16. Nh4 $5 {[%cal Rh4f5]}) 16... Bxe4 {[%cal Od4d3]} ({Much weaker is} 16... Rxe4 17. Nh4 $11) 17. Ne1 {Prevents d3. This costs White the game.} (17. Qb2 $15) 17... d3 $1 $19 18. Nxd3 Nd4 19. f3 $2 {[#]} (19. Rae1 {was necessary.}) 19... Nxb3 $1 {[%mdl 64] Discovered Attack, Double Attack} 20. Qa2 (20. Qd1 Qxa1) 20... Bxd3 (20... Nxa1 21. fxe4 Qd4+ 22. Kh1 $16) 21. Qxb3 Bxe2 22. Rfe1 b6 {[%cal Bb7b6,Bb6b5][%mdl 32]} 23. Kh1 Qd4 24. Qc2 Qxc4 ({Not} 24... Bxc4 $2 25. Red1 Qc5 26. Bf1 $19) 25. Qxc4 Bxc4 26. Rec1 b5 27. f4 Ra6 28. Kg1 Kf8 29. Rc3 Rd6 30. a4 {[#]} c6 $1 {[%cal Bc7c6,Bc6b5][%mdl 32]} 31. axb5 (31. Rac1 {was called for.}) 31... cxb5 32. Rxa5 $2 (32. Bf1 Bxf1 33. Kxf1) 32... Rd1+ 33. Kf2 Rd2+ 34. Kf3 Bd5+ 35. Kg4 Bxg2 36. Rxb5 Bf1 {[%csl LRb5,LRh2]} 37. Rb1 Be2+ (37... f5+ $142 38. Kh5 Be2+ 39. Kh4 Bd3 40. Rh1 Be4 41. Rc5 Bxh1 42. h3 Rd3 43. Rxf5+ Kg8 44. Kg4 Ree3 45. Rc5 Kf7 46. Kh5 Rxg3 47. Rf5+ Kg8 48. Rb5 Bf3+ 49. Kh4 Bd1 50. Rb8+ Kh7 51. Rh8+ Kxh8 52. f5 Rxh3#) 38. Kh3 f5 39. g4 Bxg4+ 40. Kg3 Be2 {White must now prevent ...Bd3.} 41. Rbb3 Red8 {( -> ...R8d3+)} 42. Kh4 R2d3 43. Rxd3 Bxd3 {KRB-KR} (43... Rxd3 $142 44. Rxd3 Bxd3 45. Kg3 g5 46. h3 gxf4+ 47. Kxf4 Be4 48. Ke3 Kf7 49. h4 Kf6 50. Kf4 h5 51. Kg3 Ke5 52. Kh2 Kd4 53. Kg1 f4 54. Kf1 Ke3 55. Ke1 f3 56. Kd1 f2 57. Kc1 f1=Q+ 58. Kb2 Bd5 59. Ka3 Qc4 60. Kb2 Kd2 61. Kb1 Qc1#) 44. Kh5 Bc4 45. Ra3 Bf7+ (45... Kf7 $142 46. Kh4 g5+ 47. Kg3 Rd4 48. fxg5 hxg5 49. Kg2 f4 50. Ra5 Kf6 51. Rc5 Rd2+ 52. Kg1 Bd5 53. Rc8 Rg2+ 54. Kf1 Rxh2 55. Ke1 g4 56. Rc7 f3 57. Rd7 Ke5 58. Re7+ Kd4 59. Rd7 {[#]} Ke3 $1 60. Re7+ Be4 61. Rxe4+ Kxe4 62. Kf1 g3 63. Ke1 Kd3 64. Kf1 Rh1#) 46. Kh4 Ke7 47. Re3+ Kf6 48. Kg3 g5 49. h4 gxf4+ 50. Kxf4 Rd4+ {Weighted Error Value: White=0.98/Black=0.38} 0-1

[Event "AUT Bundesliga 2021-22"]
[Site "Graz"]
[Date "2022.03.26"]
[Round "8.23"]
[White "Sebenik, Matej"]
[Black "Moosbrugger, Alexander"]
[Result "1-0"]
[WhiteElo "2510"]
[BlackElo "1963"]
[Annotator "TA"]
[PlyCount "59"]
[EventDate "2021.01.17"]
[EventType "team-tourn"]
[EventCountry "AUT"]
[SourceTitle "playchess.com"]
[Source "ChessBase"]
[SourceQuality "1"]

{[%evp 9,59,27,41,28,33,45,26,35,70,73,66,60,73,35,56,56,46,46,192,187,220,78,66,79,122,101,267,269,415,390,458,444,427,443,545,549,601,614,685,692,695,700,695,695,847,684,654,635,1031,930,1067,970]} 1. Nf3 d5 2. g3 Nf6 3. Bg2 Nc6 4. d4 {[%cal Bd2d4,Bd4d5][%mdl 32]} g6 5. c4 Bg7 6. cxd5 {D02: 1 d4 d5 2 Nf3 sidelines, including 2...Nf6 3 g3 and 2...Nf6 3 Bf4.} Nxd5 7. e4 Nb6 {[%cal Rc6d4]} 8. d5 {White has an edge.} Ne5 9. Nxe5 Bxe5 10. Nc3 {[#]} h5 $146 ({Predecessor:} 10... O-O 11. O-O e6 12. Bh6 Re8 13. Rc1 exd5 14. exd5 Bf5 15. b3 Rc8 16. Qd2 c6 17. dxc6 Qxd2 18. Bxd2 bxc6 19. Rfe1 c5 {1-0 (31) Plischki,S (2392)-Simet,M (2116) Plzen 2015}) 11. h3 h4 12. g4 Qd6 13. O-O f5 {[#]} (13... Bd7 $1 $14) 14. exf5 $1 $18 gxf5 {[#]} 15. g5 (15. Nb5 $1 $18 {[%cal Rb5d6] is the precise move to win.} Bh2+ 16. Kh1) 15... Bd7 $16 16. a4 a6 (16... O-O-O $142) 17. Qb3 Bxc3 (17... Rg8 $16) 18. bxc3 $18 {Re1 is the strong threat.} ({Much less strong is} 18. Qxc3 $6 Rg8 $16) 18... f4 (18... Qc5 $142 19. d6 Qc4 20. Qxc4 Nxc4 21. dxc7 Rc8 22. Bxb7 Rxc7) 19. Re1 {Hoping for Ba3.} ({Less strong is} 19. a5 Rh5 $18) 19... Nc8 20. Qxb7 {White is clearly winning.} Ra7 21. Qb1 {Strongly threatening Ba3.} f3 22. Bxf3 Bxh3 23. Qe4 Qd7 24. Rb1 {Threatens to win with Rb8.} Bf5 {[#]} 25. Qd4 {[%mdl 512]} O-O 26. Rb8 c6 27. dxc6 Qxd4 28. cxd4 {[%cal Bc3d4,Bd4d5][%mdl 32]} e6 29. Ba3 Re8 30. d5 {Weighted Error Value: White=0.14 (very precise) /Black=0.51} 1-0

[Event "AUT Bundesliga 2021-22"]
[Site "Graz"]
[Date "2022.03.26"]
[Round "8.24"]
[White "Amann, Harald"]
[Black "Janzelj, Tim"]
[Result "0-1"]
[WhiteElo "1913"]
[BlackElo "2463"]
[Annotator "ChessBase"]
[PlyCount "55"]
[EventDate "2021.01.17"]
[EventType "team-tourn"]
[EventCountry "AUT"]
[SourceTitle "playchess.com"]
[Source "ChessBase"]
[SourceQuality "1"]
[TimeControl "40/5400+30:1800+30"]

1. d4 {[%emt 0:00:06]} d6 {[%emt 0:00:49]} 2. c4 {[%emt 0:00:16]} f5 {[%emt 0:01:29]} 3. Nc3 {[%emt 0:06:20]} Nf6 {[%emt 0:00:42]} 4. e4 {[%emt 0:05:23]} fxe4 {[%emt 0:02:38]} 5. f3 {[%emt 0:05:27]} g6 {[%emt 0:12:56]} 6. fxe4 {[%emt 0:02:10]} Bg7 {[%emt 0:00:07]} 7. Be2 {[%emt 0:01:28]} O-O {[%emt 0:01:08]} 8. Nf3 {[%emt 0:02:04]} e5 {[%emt 0:04:55]} 9. d5 {[%emt 0:17:43]} c6 {[%emt 0:01:07]} 10. Bd2 {[%emt 0:14:46]} Na6 {[%emt 0:08:27]} 11. Qc2 {[%emt 0:12:30]} Bd7 {[%emt 0:08:36]} 12. Bd3 {[%emt 0:18:16]} Ng4 {[%emt 0:01:32]} 13. Rf1 {[%emt 0:02:18]} Nxh2 {[%emt 0:00:29]} 14. O-O-O {[%emt 0:00:32]} Nxf1 {[%emt 0:00:19]} 15. Bxf1 {[%emt 0:00:19]} Qb6 {[%emt 0:04:13]} 16. Kb1 {[%emt 0:06:05]} Bg4 {[%emt 0:02:35]} 17. Bc1 {[%emt 0:02:00]} Nb4 {[%emt 0:00:36]} 18. Qd2 {[%emt 0:00:40]} Rad8 {[%emt 0:01:12]} 19. a3 {[%emt 0:00:27]} Na6 {[%emt 0:00:18]} 20. Ka2 {[%emt 0:00:11]} Bxf3 {[%emt 0:01:51]} 21. gxf3 {[%emt 0:00:12]} Rxf3 {[%emt 0:00:04]} 22. Be2 {[%emt 0:01:08]} Rf2 {[%emt 0:00:21]} 23. Qd3 {[%emt 0:00:01]} Nc5 {[%emt 0:04:29]} 24. Qc2 {[%emt 0:00:37]} a5 {[%emt 0:00:03]} 25. Be3 {[%emt 0:00:54]} Rh2 {[%emt 0:00:02]} 26. Rf1 {[%emt 0:00:23]} Rf8 {[%emt 0:00:20]} 27. Rxf8+ {[%emt 0:00:42]} Bxf8 {[%emt 0:00:02]} 28. Qd1 {[%emt 0:00:00]} 0-1

[Event "AUT Bundesliga 2021-22"]
[Site "Graz"]
[Date "2022.03.26"]
[Round "8.25"]
[White "Kilgus, Georg"]
[Black "Dragnev, Valentin"]
[Result "0-1"]
[WhiteElo "2415"]
[BlackElo "2533"]
[Annotator "TA"]
[PlyCount "119"]
[EventDate "2021.01.17"]
[EventType "team-tourn"]
[EventCountry "AUT"]
[SourceTitle "playchess.com"]
[Source "ChessBase"]
[SourceQuality "1"]

{[%evp 21,119,11,21,9,3,7,8,12,6,13,10,10,8,4,0,5,10,11,11,7,12,2,11,0,0,0,0,0,11,9,4,7,64,17,49,42,44,28,31,33,43,50,30,19,19,15,81,83,92,49,57,56,92,92,153,128,169,156,215,135,129,0,232,234,235,136,133,65,222,204,195,150,164,163,139,0,37,25,26,26,26,26,26,26,432,427,416,411,736,716,29958,29960,6604,6067,3815,529,2122,1813,29987,29988]} 1. e4 e5 2. Nf3 Nf6 3. Nxe5 d6 4. Nf3 Nxe4 5. d4 d5 6. Bd3 Bd6 7. O-O O-O 8. c4 c6 9. Nc3 Nxc3 10. bxc3 dxc4 11. Bxc4 Bf5 12. Ng5 {With the idea g4. C42: Petroff Defence: 3 Nxe5 and unusual White 3rd moves.} h6 {[#]} 13. Qf3 $1 Bg6 14. Ne4 {The position is equal.} Bxh2+ 15. Kxh2 Qh4+ 16. Qh3 Qxh3+ 17. gxh3 Bxe4 18. Rg1 {aiming for Bxh6.} Re8 19. Bxh6 g6 20. Rge1 Nd7 21. Bf1 {[#]} Nf6 $5 $146 {[%mdl 8] An interesting novelty.} ({Predecessor:} 21... c5 22. Bb5 Bc6 23. Rxe8+ Rxe8 24. Bxc6 bxc6 25. Be3 cxd4 26. Bxd4 a6 27. Rd1 Re2 {½-½ (52) Vachier Lagrave,M (2780)-Wang,H (2722) Douglas 2018}) 22. c4 Rad8 23. Rad1 b6 24. Rd2 Bf3 25. Rxe8+ Rxe8 26. Be3 Kg7 (26... Rd8 $11) 27. a4 (27. Rd3 $1 $14) 27... Ne4 28. Rd3 Nf6 {Prevents d5.} 29. Ra3 {[%cal Od4d5]} Be4 30. a5 Re7 31. axb6 axb6 32. Ra6 Rb7 33. d5 c5 (33... cxd5 $11 {keeps the balance.} 34. Bxb6 Nd7 35. Bd4+ f6) 34. Bd2 Nd7 35. Bc3+ (35. Ra3 $16) 35... f6 36. Kg3 Kf7 {[%cal Ob6b5]} 37. Kf4 Bc2 (37... Bf5 $142) 38. h4 $1 $16 Ke7 (38... Bf5 $16 {might work better.} 39. Be2 Rb8) 39. Ra2 $18 Bb3 (39... Bf5 $16 40. h5 Rb8 41. Re2+ Kf7) 40. Ra3 Bc2 41. Ra2 (41. Ra1 $16) 41... Bb3 {[#]} 42. Rb2 Ba4 43. Bd3 ({White should try} 43. Re2+ $18 Kf8 44. Re6) 43... Kf7 $16 44. Ra2 (44. f3 $16) 44... Bb3 $2 {[#]} (44... b5 $14) 45. Ra3 $1 $18 Bd1 46. Ra1 (46. Be4 $18) 46... Bb3 $16 47. Rb1 Ba4 48. Ra1 (48. Ke3 $16) 48... b5 49. d6 {White wants to play Re1.} Rb6 {[%cal Ob5b4]} 50. cxb5 Bxb5 51. Bxb5 Rxb5 $11 {[%mdl 4096] Endgame KRB-KRN} 52. Re1 Nb6 $2 {[%mdl 8192]} (52... Ne5 $1 $11 53. Bxe5 Rb4+ 54. Kg3 fxe5) 53. Re7+ $18 Kf8 {Strongly threatening ...Nd5+.} 54. Ke4 {Prevents Nd5.} c4 (54... Rb1 $142 55. Ba5 (55. Bxf6 Re1+ 56. Kf3 Rxe7 $16) 55... f5+ 56. Kf3 Rb3+ 57. Ke2 Rb2+ 58. Kf1 Rb1+ 59. Kg2 Rd1 60. Bxb6 Rxd6) 55. Bxf6 {Hoping for Bg7+.} Nc8 {[#]} 56. d7 $1 {[%cal Rd7c8][%mdl 512]} Nd6+ 57. Kd4 Nb7 58. Re8+ Kf7 {[#]} 59. Rb8 $1 {[%cal Ob8b7] White wants to mate with Rxb7!} c3 {[#]} (59... Nd8 60. Rxb5) 60. Rxb7 $1 {[%mdl 33280] Weighted Error Value: White=0.16 (very precise) /Black=0.54. Loss on time!?} 0-1